La France de 1815 à 1848 (notice n° 1568181)
[ vue normale ]
| 000 -LEADER | |
|---|---|
| fixed length control field | 01250cam a2200133 4500500 |
| 005 - DATE AND TIME OF LATEST TRANSACTION | |
| control field | 20251214004049.0 |
| 041 ## - LANGUAGE CODE | |
| Language code of text/sound track or separate title | fre |
| 042 ## - AUTHENTICATION CODE | |
| Authentication code | dc |
| 100 10 - MAIN ENTRY--PERSONAL NAME | |
| Personal name | Caron, Jean-Claude |
| Relator term | author |
| 245 00 - TITLE STATEMENT | |
| Title | La France de 1815 à 1848 |
| 260 ## - PUBLICATION, DISTRIBUTION, ETC. | |
| Name of publisher, distributor, etc. | Armand Colin,<br/> |
| Date of publication, distribution, etc. | 2013.<br/> |
| 520 ## - SUMMARY, ETC. | |
| Summary, etc. | Ce manuel aborde l’histoire de la France à l’époque de la monarchie constitutionnelle sous ses aspects politique, social et culturel, ainsi que la politique extérieure, modifiant sensiblement l’approche traditionnelle des années 1815-1848 ; elles sont en effet essentielles et novatrices dans l’histoire politique : mise en place du jeu parlementaire, qualité des débats, importance des questions sociétales soulevées, élaboration d’idéologies.Période essentielle aussi pour l’histoire sociale : « découverte » de la question sociale, revendications ouvrières, lutte pour le droit de grève ou le droit d’association.Période clé, enfin, pour l’histoire culturelle avec le romantisme, le plus fort mouvement littéraire, artistique, scientifique, philosophique que l’Europe et la France aient connu depuis la Renaissance. |
| 856 41 - ELECTRONIC LOCATION AND ACCESS | |
| Uniform Resource Identifier | <a href="https://shs.cairn.info/la-france-de-1815-a-1848--9782200285029?lang=fr&redirect-ssocas=7080">https://shs.cairn.info/la-france-de-1815-a-1848--9782200285029?lang=fr&redirect-ssocas=7080</a> |
Pas d'exemplaire disponible.




Réseaux sociaux